[Event "SR 3. liga A2 2009/2010"]
[Site "?"]
[Date "2009.11.14"]
[Round "3.3"]
[White "Skapikova, Lubica"]
[Black "Mihalik, Anton"]
[Result "1/2-1/2"]
[WhiteElo "1940"]
[BlackElo "1961"]
[PlyCount "91"]
[EventDate "2009.??.??"]

1. e4 c5 2. Nf3 d6 3. d4 cxd4 4. Nxd4 Nf6 5. Nc3 a6 6. Be2 e5 7. Nb3 Be7 8. O-O
O-O 9. f4 exf4 10. Bxf4 Be6 11. Bf3 Qc7 12. Nd5 Nxd5 13. exd5 Bf5 14. c3 Bg6
15. Qd2 Nd7 16. Rae1 Bf6 17. Be4 Bxe4 18. Rxe4 Rfe8 19. Rfe1 Rxe4 20. Rxe4 Be5
21. Bxe5 Nxe5 22. Qd4 Rc8 23. Qe3 h6 24. Qe2 Kf8 25. Qf2 b5 26. Nd4 Kg8 27. Nf5
Ng6 28. Qg3 Qc5+ 29. Rd4 Rd8 30. h4 Qc8 31. Nxd6 Qd7 32. Ne4 Qf5 33. d6 Ne5 34.
Rd5 Qxe4 35. Rxe5 Qc6 36. Qe3 Rxd6 37. Re7 Rd1+ 38. Kh2 Qd6+ 39. Qe5 Qxe5+ 40.
Rxe5 Rd2 41. Re8+ Kh7 42. Ra8 Rxb2 43. Rxa6 b4 44. cxb4 Rxb4 45. Kg3 h5 46. a4
$11 1/2-1/2

[Event "SR 3. liga A2 2009/2010"]
[Site "?"]
[Date "2009.11.14"]
[Round "3.4"]
[White "Curidlo, Jan"]
[Black "Palka, Martin"]
[Result "0-1"]
[WhiteElo "1938"]
[BlackElo "1889"]
[PlyCount "124"]
[EventDate "2009.??.??"]

1. e4 c5 2. Nf3 d6 3. d4 cxd4 4. Nxd4 Nf6 5. Nc3 a6 6. Be2 e6 7. Be3 Be7 8. O-O
O-O 9. a4 Nc6 10. f4 Qc7 11. Bf3 Re8 12. Kh1 Bd7 13. Nce2 Nxd4 14. Bxd4 e5 15.
Bg1 Bc6 16. fxe5 dxe5 17. Ng3 Qa5 18. c3 g6 19. Qc2 Rad8 20. b4 Qc7 21. a5 Nd7
22. Bg4 Bb5 23. Rf2 Qc6 24. Re1 Nf6 25. Bf3 Rd3 26. Rc1 Rc8 27. Qb1 Rxc3 28.
Rd1 Rc1 29. Rxc1 Qxc1 30. Qxc1 Rxc1 31. Rb2 Rc4 32. Be2 Rxb4 33. Rxb4 Bxb4 34.
Bxb5 axb5 35. Bb6 Be1 36. Bc7 Nd7 37. Ne2 b4 38. Kg1 Kg7 39. Nc1 Kf6 40. Kf1
Bc3 41. Nb3 Ke6 42. Ke2 f5 43. Kf3 fxe4+ 44. Kxe4 Nf6+ 45. Kd3 Kd5 46. Bb6 Nd7
47. Bf2 e4+ 48. Kc2 Kc4 49. Be3 Kb5 50. h3 Kc4 51. g4 Be5 52. Nd2+ Kd5 53. Nb3
Bd6 54. Nc1 Nc5 55. Bxc5 Bxc5 56. Nb3 Bd4 57. Nc1 Kc4 58. h4 h5 59. gxh5 gxh5
60. Ne2 b3+ 61. Kb1 Be5 62. Nc1 b2 0-1

[Event "SR 3. liga A2 2009/2010"]
[Site "?"]
[Date "2009.11.14"]
[Round "3.5"]
[White "Zisek, Jaroslav"]
[Black "Slaby, Jozef"]
[Result "0-1"]
[WhiteElo "1890"]
[BlackElo "1963"]
[PlyCount "63"]
[EventDate "2009.??.??"]

1. c4 Nf6 2. Nc3 d6 3. g3 g6 4. Bg2 Bg7 5. e4 O-O 6. Nge2 c5 7. O-O Nc6 8. h3
Bd7 9. d3 a6 10. Be3 Qc8 11. Kh2 Qc7 12. Rc1 Rad8 13. b3 e6 14. d4 cxd4 15.
Nxd4 Nxd4 16. Bxd4 Bc6 17. Qe2 Ne8 18. Bxg7 Nxg7 19. b4 Rc8 20. Qe3 Qe7 21. Nb1
f5 22. Nd2 e5 23. Rc3 f4 24. Qe2 Ne6 25. g4 b5 26. Qd1 bxc4 27. a4 Nd4 28. Rxc4
Qd7 29. Nf3 Bxa4 30. Qc1 Nxf3+ 31. Bxf3 Bb5 32. Be2 0-1

[Event "SR 3. liga A2 2009/2010"]
[Site "?"]
[Date "2009.11.14"]
[Round "3.6"]
[White "Gono, Michal"]
[Black "Fidericky, Milan"]
[Result "1-0"]
[WhiteElo "1852"]
[BlackElo "1852"]
[PlyCount "53"]
[EventDate "2009.??.??"]

1. d4 d5 2. c4 e6 3. Nc3 Be7 4. Nf3 Nf6 5. Bg5 h6 6. Bxf6 Bxf6 7. e3 O-O 8. Rc1
Re8 9. Be2 dxc4 10. Bxc4 Nd7 11. O-O c6 12. Ne4 Be7 13. Ne5 Nxe5 14. dxe5 Qa5
15. f4 Rd8 16. Qg4 Qb6 17. Qe2 c5 18. Rf3 Bd7 19. Rg3 Kh8 20. Rf1 g6 21. Nf6
Bxf6 22. exf6 Qd6 23. f5 Rg8 24. Rd1 Qc7 25. Qd3 Rad8 26. fxg6 Qxg3 27. hxg3
1-0

[Event "SR 3. liga A2 2009/2010"]
[Site "?"]
[Date "2009.11.14"]
[Round "3.7"]
[White "Havlicek, Peter"]
[Black "Lesay, Dominik"]
[Result "1-0"]
[WhiteElo "1671"]
[BlackElo "1607"]
[PlyCount "63"]
[EventDate "2009.??.??"]

1. e4 e5 2. Nf3 d6 3. Bc4 Bg4 4. h3 Bxf3 5. Qxf3 Qf6 6. Qb3 b6 7. O-O Ne7 8.
Nc3 c6 9. a4 Nd7 10. Ne2 g6 11. f4 Qg7 12. fxe5 Nxe5 13. Ba6 Rb8 14. d4 Nd7 15.
Bf4 Nc8 16. Bc4 Be7 17. Qe3 g5 18. Bh2 O-O 19. Rf5 Kh8 20. Raf1 f6 21. Be6 Rb7
22. Qf3 Qg6 23. g4 Rc7 24. h4 h6 25. h5 Qg7 26. Qe3 c5 27. c3 Bd8 28. e5 dxe5
29. dxe5 Ne7 30. exf6 Nxf6 31. Rxf6 Ng6 32. Rxf8+ 1-0

[Event "SR 3. liga A2 2009/2010"]
[Site "?"]
[Date "2009.11.15"]
[Round "3.1"]
[White "Pagerka, Martin"]
[Black "Frank, Jozsef"]
[Result "1/2-1/2"]
[WhiteElo "2097"]
[BlackElo "2188"]
[PlyCount "136"]
[EventDate "2009.??.??"]

1. e4 e5 2. Nf3 d6 3. d4 Qe7 4. dxe5 dxe5 5. Nc3 c6 6. Bg5 Nf6 7. Qd2 Bg4 8.
O-O-O Nbd7 9. h3 Be6 10. Kb1 Qc5 11. Be3 Qa5 12. Nd5 Qxd2 13. Nxf6+ Nxf6 14.
Nxd2 Bb4 15. c3 Ba5 16. Be2 Bb6 17. Bxb6 axb6 18. b3 b5 19. Rhe1 Ke7 20. c4
bxc4 21. Bxc4 Rhd8 22. f3 Nh5 23. Bxe6 Kxe6 24. Nc4 Nf4 25. Ne3 g6 26. h4 Rd4
27. g3 Nh5 28. Nf1 c5 29. Rc1 b6 30. Rc2 Rad8 31. Kc1 Rd3 32. Rf2 Rc3+ 33. Kb2
Rdd3 34. f4 Nxg3 35. fxe5 b5 36. Rf6+ Ke7 37. Nxg3 Rxg3 38. Ref1 b4 39. Rxf7+
Ke6 40. R1f2 h5 41. Rf8 Rce3 42. Rc8 Rxe4 43. Rxc5 Rxe5 44. Rc4 Rg4 45. Rc6+
Kd5 46. Rb6 Kc5 47. Rb8 Rxh4 48. Rc2+ Kd6 49. Rb6+ Kd7 50. Rxg6 Rh1 51. Rd2+
Ke7 52. Rgg2 h4 53. a3 bxa3+ 54. Kxa3 h3 55. Rg7+ Kf6 56. Rh7 Re3 57. Kb2 Kg6
58. Rh8 Kg7 59. Rh4 Kg6 60. b4 Kg5 61. Rh8 Re4 62. Kc3 Re3+ 63. Kc4 Rc1+ 64.
Kd5 Rf1 65. Rg8+ Kh4 66. Rh8+ Kg5 67. Rg8+ Kh6 68. Rh8+ Kg6 {
??? konèí v 82. ahu} 1/2-1/2

[Event "SR 3. liga A2 2009/2010"]
[Site "?"]
[Date "2009.11.15"]
[Round "3.2"]
[White "Finszter, Mate"]
[Black "Hecko, Dusan"]
[Result "0-1"]
[WhiteElo "2056"]
[BlackElo "2115"]
[PlyCount "76"]
[EventDate "2009.??.??"]

1. d4 d6 2. e4 Nf6 3. Nc3 g6 4. f4 Bg7 5. Nf3 O-O 6. Bd3 c6 7. O-O Nbd7 8. e5
Ne8 9. Qe1 Nc7 10. Ne4 Nb6 11. Qh4 f6 12. Kh1 Bf5 13. Be3 Ncd5 14. Bd2 Nc7 15.
g4 Bxe4 16. Bxe4 dxe5 17. fxe5 e6 18. Bh6 f5 19. Ng5 Qe7 20. Bg2 Bxh6 21. Qxh6
fxg4 22. Rf6 Nd7 23. Rff1 Rf5 24. Ne4 Raf8 25. Nd6 Rh5 26. Qe3 Nd5 27. Qg3 Qg5
28. Rxf8+ Nxf8 29. Bxd5 cxd5 30. Rf1 Rh3 31. Qg2 Qh4 32. Rf2 g5 33. Qf1 Ng6 34.
Rf8+ Kg7 35. Rf7+ Kh6 36. Rf6 Rxh2+ 37. Kg1 Rh1+ 38. Kg2 Qh2# 0-1

[Event "SR 3. liga A2 2009/2010"]
[Site "?"]
[Date "2009.11.15"]
[Round "3.3"]
[White "Cajka, Tibor"]
[Black "Abraham, Jan"]
[Result "1-0"]
[WhiteElo "1932"]
[BlackElo "1981"]
[PlyCount "91"]
[EventDate "2009.??.??"]

1. e4 e6 2. d4 d5 3. Nc3 Nf6 4. Bg5 Be7 5. e5 Nfd7 6. h4 a6 7. Qg4 Kf8 8. Nf3
c5 9. dxc5 Nc6 10. Bxe7+ Qxe7 11. Qf4 Qxc5 12. Ng5 Qe7 13. Nf3 Qb4 14. Qxb4+
Nxb4 15. O-O-O Nc6 16. Re1 b5 17. b3 Ke7 18. h5 h6 19. Nd1 Ra7 20. Nb2 Nc5 21.
Nd2 Rc7 22. Nd3 Nxd3+ 23. Bxd3 Nb4 24. Kb2 Bd7 25. a3 Nxd3+ 26. cxd3 Rhc8 27.
Rc1 Rxc1 28. Rxc1 Rxc1 29. Kxc1 f5 30. Nf1 Be8 31. Ng3 f4 32. Ne2 f3 33. gxf3
Bxh5 34. Nd4 Be8 35. Kd2 g5 36. Ke3 h5 37. f4 g4 38. f5 Bd7 39. f6+ Kf7 40. Kf4
Kg6 41. b4 Kh6 42. Kg3 Kg6 43. Kh4 Kh6 44. Ne2 Be8 45. Nf4 Bg6 46. Nxe6 1-0

[Event "SR 3. liga A2 2009/2010"]
[Site "?"]
[Date "2009.11.15"]
[Round "3.4"]
[White "Csefalvay, Stefan"]
[Black "Pericka, Tomas"]
[Result "1/2-1/2"]
[WhiteElo "1908"]
[BlackElo "1910"]
[PlyCount "36"]
[EventDate "2009.??.??"]

1. d4 Nf6 2. Nf3 e6 3. g3 c5 4. e3 b6 5. Bg2 Ba6 6. Ne5 d5 7. c4 Nbd7 8. Qa4
Bb7 9. Nc3 Be7 10. O-O O-O 11. Nxd7 Nxd7 12. cxd5 cxd4 13. exd4 Bxd5 14. Nxd5
exd5 15. Bxd5 Nc5 16. dxc5 Qxd5 17. Be3 Bxc5 $11 18. Rfd1 Qe5 1/2-1/2

[Event "SR 3. liga A2 2009/2010"]
[Site "?"]
[Date "2009.11.15"]
[Round "3.5"]
[White "Jozefek, Michal"]
[Black "Vizvari, Ludovit"]
[Result "1/2-1/2"]
[WhiteElo "1902"]
[BlackElo "2015"]
[PlyCount "89"]
[EventDate "2009.??.??"]

1. d4 d5 2. c4 e6 3. Nc3 c5 4. Nf3 Nc6 5. Bf4 a6 6. e3 Nf6 7. Be2 dxc4 8. dxc5
Qxd1+ 9. Rxd1 Bxc5 10. Bxc4 b5 11. Bd3 Bb4 12. O-O Bxc3 13. bxc3 O-O 14. c4 b4
15. Nd4 Nxd4 16. exd4 Rd8 17. Bc7 Rd7 18. Ba5 Rb8 19. Rd2 g6 20. Bc2 Rdb7 21.
Bb3 Bd7 22. f3 Bc6 23. Rc1 Rd7 24. Rcd1 Rdb7 25. Kf2 g5 26. d5 exd5 27. cxd5
Bd7 28. Re1 Re8 29. Rde2 Rxe2+ 30. Rxe2 Rb5 31. Bd8 Nxd5 32. Bxg5 Be6 33. Bh6
Rb8 34. Re5 Ne7 35. Bxe6 fxe6 36. Rxe6 Nf5 37. Rxa6 b3 38. axb3 Rxb3 39. Bd2
Kf7 40. g4 Nd4 41. Be3 Rb2+ 42. Kg3 Ne2+ 43. Kh3 Rb3 44. Ra7+ Ke6 45. Ra6+
1/2-1/2

[Event "SR 3. liga A2 2009/2010"]
[Site "?"]
[Date "2009.11.15"]
[Round "3.6"]
[White "Ivan, Imrich st"]
[Black "Skapik, Branislav"]
[Result "0-1"]
[WhiteElo "1868"]
[BlackElo "1847"]
[PlyCount "64"]
[EventDate "2009.??.??"]

1. e4 e5 2. Nc3 Nf6 3. f4 Nc6 4. fxe5 Nxe5 5. d4 Ng6 6. Nf3 d5 7. e5 Ne4 8. Bd3
Bb4 9. Bd2 Bg4 10. Nxe4 dxe4 11. Bxe4 Bxf3 12. Bxf3 Qxd4 13. c3 Qxe5+ 14. Qe2
Qxe2+ 15. Kxe2 Bc5 16. Bxb7 Rb8 17. Bc6+ Kd8 18. b3 Rb6 19. Ba4 Ke7 20. Rae1
Rd8 21. b4 Re6+ 22. Kd1 Be3 23. Re2 Nf4 24. Rhe1 Nxe2 25. Rxe2 Rxd2+ 26. Rxd2
Bxd2 27. Kxd2 Kd6 28. Bc2 Rf6 29. Ke2 Ke5 30. g3 Rc6 31. Kd3 f5 32. h4 Rg6 0-1

[Event "SR 3. liga A2 2009/2010"]
[Site "?"]
[Date "2009.11.15"]
[Round "3.7"]
[White "Pericka, Pavol"]
[Black "Bogi, Timea"]
[Result "1-0"]
[WhiteElo "1717"]
[BlackElo "1589"]
[PlyCount "63"]
[EventDate "2009.??.??"]

1. e4 e5 2. Nf3 Nc6 3. Bc4 Bc5 4. Nc3 Nf6 5. d3 h6 6. O-O O-O 7. Be3 d6 8. h3
Be6 9. Nd5 a6 10. a4 Ba7 11. Qd2 Bxe3 12. fxe3 Bxd5 13. exd5 Ne7 14. e4 Ng6 15.
g3 Qd7 16. Qg2 Nh5 17. d4 Kh8 18. dxe5 dxe5 19. Bd3 f6 20. Nh2 Ne7 21. Ng4 c6
22. Kh2 Rad8 23. Rad1 Qd6 24. Ne3 f5 25. Nc4 Qc5 26. Nxe5 fxe4 27. Rxf8+ Rxf8
28. Nd7 Qd6 29. Nxf8 exd3 30. Rxd3 cxd5 31. Qe2 Nf6 32. Qxe7 1-0

[Event "SR 3. liga A2 2009/2010"]
[Site "?"]
[Date "2009.11.15"]
[Round "3.8"]
[White "Bogi, Peter"]
[Black "Nemeckayova, Monika"]
[Result "0-1"]
[WhiteElo "1570"]
[BlackElo "1751"]
[PlyCount "64"]
[EventDate "2009.??.??"]

1. e4 c5 2. Nc3 d6 3. Nf3 Nc6 4. Bb5 Nf6 5. d4 cxd4 6. Nxd4 Bd7 7. O-O a6 8.
Bc4 b5 9. Bd5 Nxd5 10. exd5 Ne5 11. a3 g6 12. Bf4 Bg7 13. Nf3 Nxf3+ 14. Qxf3
Bf5 15. Rac1 O-O 16. Rfe1 Rc8 17. Bg5 Rc7 18. Qe3 Re8 19. Qe2 Qc8 20. Ne4 Bxe4
21. Qxe4 Bxb2 22. Rb1 Rxc2 23. Bxe7 Bf6 24. Qxc2 Qxc2 25. Bxf6 Qc8 26. Kf1 Qc4+
27. Kg1 Rxe1+ 28. Rxe1 Kf8 29. g3 Qxd5 30. Rc1 Qe6 31. Bg5 d5 32. Rc2 Qe1+ 0-1

[Event "SR 3. liga A2 2009/2010"]
[Site "?"]
[Date "2009.11.15"]
[Round "3.1"]
[White "Kovacocy, Pavel"]
[Black "Halas, Miroslav"]
[Result "1-0"]
[WhiteElo "2241"]
[BlackElo "1939"]
[PlyCount "75"]
[EventDate "2009.??.??"]

1. e4 c6 2. d4 d5 3. Nc3 dxe4 4. Nxe4 Bf5 5. Ng3 Bg6 6. h4 h6 7. Nf3 Nd7 8. h5
Bh7 9. Bd3 Bxd3 10. Qxd3 e6 11. Bf4 Qa5+ 12. Bd2 Qc7 13. Ne4 Ngf6 14. O-O-O
Nxe4 15. Qxe4 Nf6 16. Qe2 O-O-O 17. g3 Bd6 18. c4 c5 19. Bc3 cxd4 20. Nxd4 Bc5
21. Nb3 Rxd1+ 22. Rxd1 Rd8 23. Rxd8+ Kxd8 24. Nxc5 Qxc5 25. Bxf6+ gxf6 26. Kd1
Qd4+ 27. Qd2 Qxd2+ 28. Kxd2 f5 29. Kd3 e5 30. c5 Kd7 31. Kc4 Kc6 32. b4 a6 33.
a4 b5+ 34. cxb6 f6 35. b7 Kxb7 36. Kd5 f4 37. gxf4 exf4 38. Ke4 1-0

[Event "SR 3. liga A2 2009/2010"]
[Site "?"]
[Date "2009.11.15"]
[Round "3.2"]
[White "Sturdik, Igor"]
[Black "Cechovic, Stefan"]
[Result "1/2-1/2"]
[WhiteElo "2047"]
[BlackElo "2181"]
[PlyCount "45"]
[EventDate "2009.??.??"]

1. e4 c6 2. d4 d6 3. Nc3 g6 4. Be3 Bg7 5. Qd2 Qc7 6. f3 Nd7 7. Nge2 b5 8. a3
Nb6 9. Nc1 a6 10. Nb3 Nc4 11. Bxc4 bxc4 12. Nc1 Rb8 13. Rb1 Nf6 14. O-O O-O 15.
N1e2 Rd8 16. Ng3 Rb7 17. Rfd1 d5 18. e5 Nd7 19. Na4 c5 20. f4 cxd4 21. Qxd4 e6
22. b4 Bf8 23. Ne2 1/2-1/2

[Event "SR 3. liga A2 2009/2010"]
[Site "?"]
[Date "2009.11.15"]
[Round "3.3"]
[White "Sarmir, Milos"]
[Black "Svoboda, Adam"]
[Result "1/2-1/2"]
[WhiteElo "2090"]
[BlackElo "1821"]
[PlyCount "146"]
[EventDate "2009.??.??"]

1. e4 e6 2. d4 d5 3. exd5 exd5 4. Nf3 Nf6 5. Bd3 Nc6 6. c3 Be6 7. Bg5 Qd7 8.
Nbd2 h6 9. Bh4 Nh5 10. Bb5 Bd6 11. Ne5 Bxe5 12. Qxh5 Bf4 13. Qe2 g5 14. Bg3
Bxg3 15. hxg3 O-O-O 16. O-O-O Bf5 17. Nb3 Qd6 18. Nc5 Nb8 19. Rhe1 c6 20. Bd3
Bxd3 21. Qxd3 Nd7 22. Qf5 Rhf8 23. Re5 Kc7 24. Nxd7 Rxd7 25. Rde1 Qg6 26. f3
Qxf5 27. Rxf5 f6 28. Kd2 Kd6 29. f4 Rg7 30. g4 a6 31. Rh1 gxf4 32. Rxf4 Rg6 33.
Ke3 Ke7 34. Kf3 Kf7 35. Rf5 Re8 36. Rf4 Kg7 37. a4 b6 38. b3 Rg5 39. Rc1 b5 40.
axb5 axb5 41. Ra1 Re7 42. Ra8 Rc7 $11 43. b4 Kf7 44. Rd8 h5 45. gxh5 Rxh5 46.
Rg4 Rf5+ 47. Kg3 Rf1 48. Rgg8 Rc1 49. Rgf8+ Kg7 50. Kf4 Rxc3 51. Kf5 Rc2 52.
Rg8+ Kf7 53. Rdf8+ Ke7 54. g4 Rf2+ 55. Kg6 Rd7 56. g5 f5 57. Rf6 Rf4 58. Rxc6
Rd6+ 59. Rxd6 Kxd6 60. Kf6 Rxd4 61. g6 Rxb4 62. g7 Rg4 63. Kxf5 Rg1 64. Rd8+
Kc5 65. g8=Q Rxg8 66. Rxg8 b4 67. Ke5 Kc4 68. Rc8+ Kd3 69. Rh8 b3 70. Rh3+ Kc2
71. Kd4 b2 72. Rc3+ Kd2 73. Rb3 Kc2 1/2-1/2

[Event "SR 3. liga A2 2009/2010"]
[Site "?"]
[Date "2009.11.15"]
[Round "3.4"]
[White "Bahna, Jan"]
[Black "Liptak, Dusan"]
[Result "1/2-1/2"]
[WhiteElo "1960"]
[BlackElo "1916"]
[PlyCount "78"]
[EventDate "2009.??.??"]

1. e4 e6 2. d4 d5 3. Nd2 Nf6 4. e5 Nfd7 5. Ngf3 c5 6. c3 Nc6 7. Be2 f6 8. exf6
Nxf6 9. Nb3 cxd4 10. cxd4 Bd6 11. Bg5 O-O 12. Rc1 Qb6 13. O-O Ne4 14. Be3 a5
15. Qc2 Nb4 16. Qb1 a4 17. Nc5 Bxc5 18. dxc5 Qc7 19. a3 Nc6 20. Bd3 Nf6 21. Ng5
h6 22. Nh7 Nxh7 23. Bxh7+ Kh8 24. f4 Ne7 25. Bd3 Bd7 26. Qc2 Nf5 27. Qd2 Ra5
28. Bf2 Bb5 29. g4 Ne7 30. Rce1 Bxd3 31. Qxd3 Rxf4 32. Rxe6 Rxg4+ 33. Bg3 Qxc5+
34. Kg2 Ra8 35. Rfe1 Ng8 36. Kh3 Qc4 37. Qf3 Re4 38. R6xe4 dxe4 39. Qxe4 Qxe4
1/2-1/2

[Event "SR 3. liga A2 2009/2010"]
[Site "?"]
[Date "2009.11.15"]
[Round "3.5"]
[White "Vlkovic, Pavol"]
[Black "Klanica, Anton"]
[Result "1-0"]
[WhiteElo "1930"]
[BlackElo "1894"]
[PlyCount "67"]
[EventDate "2009.??.??"]

1. e4 e6 2. d4 d5 3. e5 c5 4. c3 Nc6 5. Nf3 Qb6 6. Be2 Bd7 7. O-O Rc8 8. a3
cxd4 9. cxd4 Na5 10. Nbd2 Ne7 11. b4 Nac6 12. Nb3 Ng6 13. h4 Be7 14. g3 Nb8 15.
h5 Nf8 16. Nc5 Qc7 17. Be3 b6 18. Nxd7 Nfxd7 19. Rc1 Qb7 20. Qd2 O-O 21. Bg5 f6
22. exf6 Nxf6 23. Bxf6 Bxf6 24. Bd3 Rxc1 25. Rxc1 Rc8 26. Rxc8+ Qxc8 27. Ne5
Qe8 28. Qc2 Bxe5 29. Bxh7+ Kf8 30. dxe5 Qxh5 31. Bg6 Qxe5 32. Qc8+ Ke7 33. Qe8+
Kf6 34. Qf7+ 1-0

[Event "SR 3. liga A2 2009/2010"]
[Site "?"]
[Date "2009.11.15"]
[Round "3.6"]
[White "Holicky, Miroslav"]
[Black "Markuliak, Mario"]
[Result "1/2-1/2"]
[WhiteElo "1801"]
[BlackElo "1909"]
[PlyCount "46"]
[EventDate "2009.??.??"]

1. e4 e5 2. Nf3 Nc6 3. Nc3 Nf6 4. Bb5 Bc5 5. O-O O-O 6. Nxe5 Nxe5 7. d4 Bb4 8.
dxe5 Bxc3 9. exf6 Bxf6 10. Ba4 d6 11. c3 Bd7 12. Bc2 Re8 13. Bf4 Bc6 14. Re1
Be5 15. Qd2 Qh4 16. Bxe5 Rxe5 17. f3 Rae8 18. Qf2 Qxf2+ 19. Kxf2 Kf8 20. b4 d5
21. exd5 Rxe1 22. Rxe1 Rxe1 23. Kxe1 Bxd5 1/2-1/2

[Event "SR 3. liga A2 2009/2010"]
[Site "?"]
[Date "2009.11.15"]
[Round "3.7"]
[White "Hornak, Pavol"]
[Black "Babirat, Michal"]
[Result "1/2-1/2"]
[WhiteElo "1787"]
[BlackElo "1737"]
[PlyCount "92"]
[EventDate "2009.??.??"]

1. d4 Nf6 2. c4 e6 3. Nc3 d5 4. e3 Be7 5. Nf3 O-O 6. Ne5 c5 7. cxd5 Nxd5 8. Bc4
Nb6 9. Bb3 cxd4 10. exd4 Nc6 11. Nxc6 bxc6 12. O-O Bf6 13. Be3 Ba6 14. Re1 Bc4
15. Ne4 Be7 16. Bxc4 Nxc4 17. Qc2 Nd6 18. Rac1 Rc8 19. Nxd6 Bxd6 20. Qa4 Qc7
21. g3 Qb7 22. Qc2 Rc7 23. b3 Rfc8 24. Qe4 Rd7 25. Re2 Be7 26. Rc4 Rd5 27. Qb1
Bf6 28. Rec2 Qd7 29. Qc1 Rd6 30. Kg2 h6 31. f4 $11 Bxd4 32. Bxd4 Rxd4 33. Qe3
Rd3 34. Qe2 Qd5+ 35. Kf2 Kf8 36. Qe4 Rd2+ 37. Rxd2 Qxd2+ 38. Qe2 Qxe2+ 39. Kxe2
Ke7 40. Ra4 Rc7 41. a3 f6 42. Ke3 Kd6 43. Ke4 e5 44. fxe5+ fxe5 45. Ra5 Re7 46.
b4 g6 1/2-1/2

[Event "SR 3. liga A2 2009/2010"]
[Site "?"]
[Date "2009.11.15"]
[Round "3.8"]
[White "Steinecker, Frantisek"]
[Black "Cisar, Marian"]
[Result "0-1"]
[WhiteElo "1712"]
[BlackElo "1683"]
[PlyCount "136"]
[EventDate "2009.??.??"]

1. e4 c5 2. Nf3 Nc6 3. Nc3 g6 4. Bc4 Bg7 5. d3 Nf6 6. Be3 d6 7. a3 O-O 8. Qd2
Bd7 9. Nh4 e6 10. Bg5 a6 11. O-O-O b5 12. Ba2 b4 13. Nb1 a5 14. a4 Qb6 15. Nf3
Ng4 16. h3 Nge5 17. Nxe5 Bxe5 18. f4 Bd4 19. Bh6 Rfe8 20. g4 c4 21. f5 b3 22.
Bxb3 cxb3 23. c3 Rac8 24. Rhf1 Ne5 25. Rh1 Bxa4 26. Rdf1 Bb5 27. fxe6 fxe6 28.
Kd1 Bxd3 29. Rf6 Bc2+ 30. Ke2 Qb5+ 31. Ke1 Nd3+ 32. Ke2 Bxf6 33. Na3 Nf4+ 34.
Kf3 Qe2+ 35. Qxe2 Nxe2 36. Kxe2 Bxe4 37. Rf1 Bg7 38. Bxg7 Kxg7 39. Nb5 Rf8 40.
Ra1 d5 41. Nd4 Kf6 42. Rxa5 Ra8 43. Rc5 Ra2 44. Rc6 Rxb2+ 45. Ke3 Re8 46. h4
Rh2 47. g5+ Kf7 48. Nxb3 Rh3+ 49. Kd4 Rd3+ 50. Ke5 Rh3 51. Nd4 Bf5 52. Nb5 Rxh4
53. Rc7+ Kf8 54. Nd6 Re7 55. Rc8+ Kg7 56. Ne8+ Rxe8 57. Rxe8 d4 58. cxd4 Re4+
59. Kd6 Rxd4+ 60. Ke5 Rd5+ 61. Kf4 e5+ 62. Ke3 Rd3+ 63. Kf2 e4 64. Re7+ Kg8 65.
Ke2 Bg4+ 66. Kf2 e3+ 67. Kg3 Bh5 68. Kg2 e2 0-1

[Event "SR 3. liga A2 2009/2010"]
[Site "?"]
[Date "2009.11.15"]
[Round "3.1"]
[White "Kapusta, Petr"]
[Black "Lesny, Stefan"]
[Result "1/2-1/2"]
[WhiteElo "2135"]
[BlackElo "2086"]
[PlyCount "109"]
[EventDate "2009.??.??"]

1. e4 e5 2. Nf3 Nc6 3. Bb5 a6 4. Ba4 d6 5. d3 Nf6 6. O-O Bg4 7. h3 Bh5 8. c3 h6
9. Nbd2 g5 10. Re1 g4 11. hxg4 Bxg4 12. Nf1 Rg8 13. Bxc6+ bxc6 14. d4 Nd7 15.
N1h2 Bh3 16. g3 Bg7 17. Qa4 Nb6 18. Qc2 Nd7 19. Be3 Qc8 20. Rad1 Qb7 21. Qd2
Rh8 22. dxe5 Nxe5 23. Nxe5 Bxe5 24. Bxh6 O-O-O 25. Nf3 Bg4 26. Kg2 Qb5 27. Rh1
Qc4 28. Qd3 Qxa2 29. Ra1 Qe6 30. Qxa6+ Kd7 31. Nxe5+ Qxe5 32. Qd3 Qe6 33. Qe3
Qb3 34. Qf4 Be6 35. Bg5 Rxh1 36. Rxh1 Rb8 37. Qf6 Qxb2 38. Rh8 Rxh8 39. Qxh8 c5
40. Qd8+ Kc6 41. Qa8+ Kd7 42. Qa4+ Kc8 43. Bf6 Qe2 44. Qa8+ Kd7 45. Qd8+ Kc6
46. Qa8+ Kd7 47. Qa4+ Kc8 48. Qc6 Bc4 49. Qa8+ Kd7 50. Qd8+ Kc6 51. Qa8+ Kd7
52. Qd8+ Kc6 53. Qa8+ Kd7 54. Qd8+ Kc6 55. Qa8+ 1/2-1/2

[Event "SR 3. liga A2 2009/2010"]
[Site "?"]
[Date "2009.11.15"]
[Round "3.2"]
[White "Bebiak, Jozef"]
[Black "Hudacek, Josef"]
[Result "1/2-1/2"]
[WhiteElo "2130"]
[BlackElo "2070"]
[PlyCount "92"]
[EventDate "2009.??.??"]

1. e4 d6 2. d4 c6 3. Nc3 Nf6 4. f3 Nbd7 5. Be3 Qc7 6. Qd2 e5 7. Nge2 b5 8. d5
b4 9. dxc6 Qxc6 10. Nd5 Nxd5 11. exd5 Qb7 12. Ng3 Nf6 13. Bc4 Be7 14. O-O O-O
15. a3 a5 16. axb4 axb4 17. Rxa8 Qxa8 18. Ne4 Bb7 19. Nxf6+ Bxf6 20. Qxb4 Bxd5
21. Bxd5 Qxd5 22. Ra1 h6 23. Kf2 Qc6 24. c3 d5 25. Rd1 Rd8 26. Qc5 Qa4 27. Rxd5
Bh4+ 28. Ke2 Qc2+ 29. Rd2 Rxd2+ 30. Bxd2 Bg5 31. Qd5 Qxb2 32. g3 Kf8 33. f4
exf4 34. gxf4 Bf6 35. Qa8+ Ke7 36. Qc6 Qc2 37. Qc5+ Kd7 38. Qd5+ Kc8 $11 39.
Qd3 Qxd3+ 40. Kxd3 Kc7 41. c4 g5 42. Ke4 Kc6 43. Bb4 Bd8 44. f5 Bc7 45. h3 h5
46. Be7 Bg3 1/2-1/2

[Event "SR 3. liga A2 2009/2010"]
[Site "?"]
[Date "2009.11.15"]
[Round "3.3"]
[White "Kubis, Ivan"]
[Black "Csiba, Peter"]
[Result "1-0"]
[WhiteElo "2025"]
[BlackElo "2104"]
[PlyCount "72"]
[EventDate "2009.??.??"]

1. e4 c5 2. Nf3 d6 3. d4 cxd4 4. Nxd4 Nf6 5. Nc3 a6 6. Bg5 e6 7. f4 Qc7 8. Qf3
b5 9. O-O-O Nbd7 10. Bxb5 axb5 11. Ndxb5 Qb8 12. e5 Bb7 13. Qe2 dxe5 14. Qc4
Bc5 15. Rhe1 Bd5 16. Qe2 exf4 17. Kb1 O-O 18. Nxd5 exd5 19. Qf1 Ra5 20. Nc3 Ba3
21. b3 Bb4 22. Bxf4 Qc8 23. Rd3 Bxc3 24. Red1 d4 25. Bd6 Qa6 26. Rxc3 dxc3 27.
Qxa6 Rxa6 28. Bxf8 Kxf8 29. Rd3 Rc6 30. g4 Nxg4 31. Rxd7 Rf6 32. a4 Nxh2 33. a5
Nf3 34. b4 Ne5 35. Rc7 Ke8 36. Rxc3 Nc6 {Time} 1-0

[Event "SR 3. liga A2 2009/2010"]
[Site "?"]
[Date "2009.11.15"]
[Round "3.4"]
[White "Merva, Frantisek"]
[Black "Londin, Martin"]
[Result "1-0"]
[WhiteElo "2053"]
[BlackElo "2055"]
[PlyCount "87"]
[EventDate "2009.??.??"]

1. d4 d5 2. Nf3 Nf6 3. c4 e6 4. g3 c6 5. Bg2 dxc4 6. O-O Be7 7. Nc3 O-O 8. Ne5
Nbd7 9. Nxc4 Nd5 10. e4 Nxc3 11. bxc3 Nb6 12. Ne3 Qc7 13. Qh5 g6 14. Qh6 Bf6
15. Ng4 Bg7 16. Qh4 f5 17. Bf4 Qd7 18. Ne5 Qd8 19. Bg5 Bf6 20. Bxf6 Qxf6 21.
Qxf6 Rxf6 22. f4 Rf8 23. a4 Rd8 24. a5 Nd7 25. Nxd7 Rxd7 26. e5 a6 27. Rfb1 Kf7
28. Rb6 Ke7 29. Rab1 Ra7 30. Kf2 Kd8 31. Ke3 Kc7 32. c4 Rd8 33. d5 cxd5 34.
cxd5 exd5 35. Rc1+ Kb8 36. Kd4 Bd7 37. Bxd5 Bb5 38. e6 Re8 39. Ke5 Bd7 40. Kf6
Bb5 41. Kf7 Rd8 42. Bc6 Rc8 43. e7 Rc7 44. Bxb5 1-0

[Event "SR 3. liga A2 2009/2010"]
[Site "?"]
[Date "2009.11.15"]
[Round "3.5"]
[White "Vepy, Ivan"]
[Black "Obdrzalkova, Anitta"]
[Result "0-1"]
[WhiteElo "1920"]
[BlackElo "2004"]
[PlyCount "82"]
[EventDate "2009.??.??"]

1. e4 c5 2. Nf3 d6 3. d4 cxd4 4. Nxd4 Nf6 5. Nc3 a6 6. Bg5 e6 7. Be2 Be7 8. Qd2
O-O 9. O-O b5 10. a3 Bb7 11. Bf3 Qc7 12. Rad1 Nbd7 13. Rfe1 Ne5 14. Qe2 Nc4 15.
Bc1 Rfe8 16. g3 Rad8 17. Bg2 Nd7 18. f4 Qc5 19. Kh1 Bf6 20. Nb3 Qc7 21. Rd3
Ndb6 22. g4 Bxc3 23. bxc3 Nd7 24. Rh3 Nf8 25. Rg1 e5 26. f5 d5 27. g5 dxe4 28.
Bxe4 Nd6 29. Bxb7 Qxb7+ 30. Qf3 Qxf3+ 31. Rxf3 e4 32. Rf4 Re5 33. Nd4 Rc8 34.
Re1 Rxc3 35. Bb2 Rc4 36. h4 Rd5 37. c3 a5 38. Nc2 Rd2 39. Rc1 e3 40. Rxc4 Nxc4
41. Ba1 e2 0-1

[Event "SR 3. liga A2 2009/2010"]
[Site "?"]
[Date "2009.11.15"]
[Round "3.6"]
[White "Ujhelyi, Matus"]
[Black "Hrubsa, Marian"]
[Result "0-1"]
[WhiteElo "1983"]
[BlackElo "1930"]
[PlyCount "80"]
[EventDate "2009.??.??"]

1. e4 e6 2. d4 d5 3. Nd2 Nf6 4. e5 Nfd7 5. Bd3 c5 6. c3 Nc6 7. Ne2 cxd4 8. cxd4
f6 9. Nf3 fxe5 10. dxe5 Ncxe5 11. Nf4 Nxd3+ 12. Qxd3 Nf6 13. O-O Bd6 14. Ng5
Ng4 15. Ngxe6 Bxe6 16. Re1 Ne5 17. Rxe5 Bxe5 18. Nxe6 Qd6 19. Qf5 a5 20. Bd2 g6
21. Qg4 Kf7 22. Ng5+ Kg7 23. Nf3 h5 24. Qa4 Bf6 25. Bf4 Qe7 26. Re1 Qf7 27. Be5
Bxe5 28. Nxe5 Rhe8 29. Qd4 Qf6 30. f4 Rad8 31. Rc1 Re7 32. Rc5 Kh7 33. g3 Qf5
34. Rxd5 Qb1+ 35. Kg2 Rxd5 36. Qxd5 Qxb2+ 37. Kh3 Qb1 38. Kg2 Rc7 39. Nf3 Qc2+
40. Nd2 Qc6 0-1